000 00540nam a2200169 i 4500
001 101746
003 ES-MaACL
005 20230906182953.0
007 t|
008 051025s1962 sp ||||1| spa d
100 1 _aMeili, Richard.
_979841
245 1 0 _aDesarrollo del carácter
_b: (sus primeras etapas) /
_cRichard Meili; versión española por el Dr. Agustín Serrate.
260 _aMadrid :
_bMorata,
_c1962.
300 _a190 p. ;
_c25 cm.
700 1 _aSerrate Torrente, Agustín.
_9105823
852 _aES-MaACL
_jC-21179
_bR.49668
999 _c101746
_d101746